000 nam a22 a 4500
999 _c428659
_d428659
003 BLK
005 20210817085256.0
008 210816b bu |||||r|||| 00| | bu d
040 _aBLK
041 _aRUS
_cRUS
080 _aРуска литература
_b821.161.1
_x.09
_z821.161.1.09
100 _91299
_aБелинский, Виссарион Григорьевич
_eпърви автор
139 _aБелинский, Виссарион Григорьевич
245 _aСочинения Белинскаго
_bЧ. 1 -
_nЧ. 5.
_cВ. Белинский
_p1841. Отечественныя записки, І. Критика
250 _a4. изд.
260 _aМосква
_bтип. А. И. Мамонтова и К°
_c1885
_fТип. А. И. Мамонтова и К
_9435449
300 _c20 см
380 _a82
490 _9435080
_aКолекция Редки и ценни издания
650 0 _9274192
_aРуска литература - критика
760 _h413, [2] с.
_b4 изд.
_oЧ. 5. 1841. Отечественныя записки
_dМосква, 1885
_tСочинения Белинскаго
852 _aРр 885
_bРц
942 _cKNG
_n0
_s1
944 _aCR
_c2021-08-16
_kА.М.
999 _d428659
999 _d428656
999 _d428353